000 00276nam a22001337a 4500
008 211011b ||||| |||| 00| 0 eng d
041 _aeng
080 _a621
082 _a621
100 _a4
101 _aSHM
245 _aBasic Biomechanics
_cHall,S.J
942 _2udc
_cBK
999 _c58157
_d58157